Mapa Ameryki Północnej bez 10 losowych państw - Statystyki

Ogólne statystyki
  • Ten quiz został rozwiązany 17 razy
  • Średni wynik to 8 z 10
Odpowiedzi na mapie
Odpowiedzi zakodowano w zielono-czerwonej skali na mapie do tego quizu, zgodnie z poniższymi procentami.
 
Statystyki odpowiedzi
Kraje % Poprawnych
Dominika
100%
Gwatemala
100%
Kanada
100%
Kostaryka
100%
Meksyk
100%
Nikaragua
100%
Panama
100%
Stany Zjednoczone
100%
Honduras
90%
Salwador
88%
Haiti
86%
Trynidad i Tobago
83%
Dominikana
82%
Bahamy
80%
Belize
78%
Antigua i Barbuda
75%
Barbados
75%
Kuba
75%
Saint Vincent i Grenadyny
60%
Grenada
55%
Saint Kitts i Nevis
50%
Saint Lucia
50%
Jamajka
44%
Nie znaleziono quizów pasujących do podanych kryteriów
Rozkład punktacji
Procent ludzi z każdym wynikiem
Percentyl według liczby udzielonych odpowiedzi
Twoja historia wyników
Nie rozwiązałeś tego quizu